00620nam a2200169 a 450000100100000000500170001000800410002704000250006810000330009324500720012626000520019830000210025049000250027183000320029695201050032899900170043300003990320201002033811.0130729s1972 cu 000 0 spa d aDO-SdBNPbspacBNPHU1 aChe Guevara, Ernestor96610710aErnesto Che Guevara :bescritos y discursos /cErnesto Che Guevara. aLa Habana :bInstituto Cubano del Libro,c1972. a314 p. ;c18 cm.1 aCiencias Socialesv2 0aCiencias Socialesv2913247 001050718MOaGRbGRcCTd2013-07-29iLF1l0o p39903-10r2020-06-25w2020-06-25y1ZNo se presta c39393d39393